000 00773nam a2200241 i 4500
001 101400
003 ES-MaACL
005 20260612132715.0
007 t|
008 051018s1946 sp ||||1| spa d
100 1 _aMaurras, Charles.
_979271
245 1 0 _aMi defensa /
_cCharles Maurras; [prólogo de George Uscatescu].
260 _aMadrid :
_bEdiciones y Publicaciones Españolas,
_c1946.
300 _a158 p. ;
_c22 cm.
490 1 _aTemas actuales
600 1 4 _aMaurras, Charles.
_979271
651 4 _aFrancia-
_xHistoria-
_y1870-1940, III República-
_vRelatos personales.
_9172054
700 1 _aUscatescu, Jorge,
_d1919-1995
_9112293
830 1 _aTemas actuales
_9180872
852 _aES-MaACL
_jE-2010
852 _aES-MaACL
_jL-11769
999 _c101400
_d101400